| 000 | 02220nam1a2200373 4500 | ||
|---|---|---|---|
| 001 | RU\NLR\BIBL_A\022689425 | ||
| 005 | 20260129122003.0 | ||
| 010 | _a978-5-696-05463-6 | ||
| 035 | _a(NLR Aleph) 022689425 | ||
| 090 |
_a13533495 _c13533495 |
||
| 100 | _a20260129 rusy50 | ||
| 101 | 0 | _arus | |
| 102 | _aRU | ||
| 105 | _a z | ||
| 181 | 0 |
_ai _baxxe |
|
| 182 | 0 | _an | |
| 200 | 1 |
_aПроблемы экономической безопасности: от структурной адаптации к экономическому росту _eмонография _f[Аркадьева О. Г. - к.э.н., доцент, Бажанова М. И. - к.э.н., доцент, Бейсембина А. Н. - магистр экономики, старший преподаватель и др.] _gпод редакцией А. В. Карпушкиной _gМинистерство науки и высшего образования Российской Федерации, Южно-Уральский государственный университет, Кафедра "Экономическая безопасность" |
|
| 203 |
_aТекст _bвизуальный _cнепосредственный |
||
| 210 |
_aЧелябинск _cИздательский центр ЮУрГУ _d2024- |
||
| 215 | _d21 | ||
| 300 | _aАвт. указаны в конце кн. | ||
| 606 | 1 |
_aЭкономическая безопасность _91557922 _3RU\NLR\AUTH\66681123 |
|
| 686 | 1 | _aУ5-971 | |
| 701 | 1 |
_aАркадьева _bО. Г. _gОльга Геннадьевна |
|
| 701 | 1 |
_aБажанова _bМ. И. _gМарина Игоревна |
|
| 701 | 1 |
_aБейсембина _bА. Н. |
|
| 702 | 1 |
_4340 _7ca _8rus _aКарпушкина _bА. В. _gАнжела Викторовна _973227 _3RU\NLR\AUTH\7790300 |
|
| 712 | 0 | 2 |
_4570 _aЮжно-Уральский государственный университет _bКафедра "Экономическая безопасность" _cЧелябинск _9640683 _3RU\NLR\AUTH\880490123 |
| 852 |
_aNLR _j2025-5/11281 |
||
| 942 | _cBOOK | ||
| 980 | _aNB | ||